| 000 | 01809nam a2200421 i 4500 | ||
|---|---|---|---|
| 001 | 162316 | ||
| 003 | ES-MaACL | ||
| 005 | 20251112170643.0 | ||
| 008 | 041110s1802 fr acf |||| | fre d | ||
| 040 |
_aCAM _bspa _cCAM |
||
| 100 | 0 |
_aPlutarco _992678 |
|
| 245 | 1 | 4 |
_aLes vies des hommes illustres / _cde Plutarque ; traduites du grec par Amyot... ; avec des notes et des observations par MM. Brotier et Vauvilliers ; tome neuvième. |
| 250 |
_aNouvelle éd. _brev., corr. et augm. par E. Clavier. |
||
| 260 |
_aA Paris : _bde l'imprimerie de Cussac..., _cAn X [1802] |
||
| 300 |
_a[4], 516 p., [2] h. de grab. : _bil. ; _c8º. |
||
| 505 | 8 | _aContiene : Dion, Marcus Brutus, Aratus, Galba, Othon, Hannibal, Scipion l'Africain | |
| 594 | _aTít. en antep. : Oeuvres de Plutarque. | ||
| 595 | _aDato de ed. precede a mención de parte. | ||
| 596 | _aMarca tip. en port. | ||
| 597 | _aSign.: []2, A-Z8, 2A-2I8, 2K2. | ||
| 597 | _aAntep. | ||
| 599 | _aLas h. de grab. calc. alegóricas : "A. Borel inv., 1786, L.M. Halbou sculp.", "Borel inv., Patas sc." | ||
| 599 | _aLas il. xil. retratos. | ||
| 600 | 0 | 4 |
_aDión- _xBiografías. _9126808 |
| 600 | 1 | 7 |
_aBruto, Marco Junio _2embne _9149936 |
| 600 | 1 | 4 |
_aArato de Solos. _9125690 |
| 600 | 1 | 4 |
_aGalba _cEmperador de Roma. _9149938 |
| 600 | 1 | 4 |
_aOtón _cEmperador de Roma. _9149939 |
| 600 | 1 | 7 |
_aEscipión, Publio Cornelio, _d235-183 a.C.- _vBiografías _2 _9146722 |
| 600 | 0 | 7 |
_aAníbal, _d247-182 a.C. _2 _9165256 |
| 700 | 1 |
_aAmyot, Jacques. _9125662 |
|
| 700 | 1 |
_aBrotier, Gabriel, _d1723-1789 _9149971 |
|
| 700 | 1 |
_aVauvillier, Jean François. _9133573 |
|
| 700 | 1 |
_aClavier, Etienne, _d1762-1817 _9149972 |
|
| 740 | 0 | 1 | _aOeuvres de Plutarque. |
| 852 |
_aES-MaACL _jG-9437 _z-- Enc. pasta española |
||
| 999 |
_c162316 _d162316 |
||